Acta technica napocensis. Electronică-Telecomunicaţii

Detalles Bibliográficos
Autor Corporativo: Universitatea Tehnică din Cluj-Napoca
Formato: Electrónico Seriadas
Lenguaje:inglés
Publicado: Cluj-Napoca, Romania : Universitatea Tehnică din Cluj-Napoca
Materias:
Acceso en línea:Full text available from Research Library: 01/01/2010 to present

MARC

LEADER 00000nas a2200000 a 4500
001 ssj0000618075
003 WaSeSS
005 20200512172242.0
006 m d
007 cr n
008 060630c1uuu9999rm u os 0 a0eng d
022 |y 1221-6542 
035 |a (WaSeSS)ssj0000618075 
040 |a WaSeSS  |c WaSeSS  |d WaSeSS 
050 4 |a TK5101.A1 
245 0 0 |a Acta technica napocensis.   |p Electronică-Telecomunicaţii  |h [electronic resource]. 
246 1 1 |a Acta technica napocensis electronics and telecommunications  
260 |a Cluj-Napoca, Romania :  |b Universitatea Tehnică din Cluj-Napoca  
506 |a License restrictions may limit access. 
588 |a Description based on print version record. 
588 |a Latest issue consulted: Vol. 52, no. 2 (2011) (viewed Apr. 13, 2012). 
650 0 |a Telecommunications  |v Periodicals. 
655 0 |a Electronic journals. 
710 2 |a Universitatea Tehnică din Cluj-Napoca. 
776 1 |i Print version:   |t  Acta Technica Napocensis. Electronică-Telecomunicaţii  |x 1221-6542 
856 4 0 |z Full text available from Research Library: 01/01/2010 to present  |u https://search.proquest.com/publication/136133